Secesiou proti recesii

Taiwanský držiteľ ocenenia Ernst & Young Podnikateľ roka Franz Chen a história jeho úspechu. Pozícia v skupine 25 najvplyvnejších Číňanov v móde a dizajne. Zmena obyčajného porcelánu na dizajnové kusy. Kombinácia esencie orientálneho umenia so štýlom secesie. Predaj produkcie Franz Collection v 56 k...

Full description

Saved in:
Bibliographic Details
Main Author: Jesný, Martin
Format: Book Chapter
Language:Slovak
Subjects:
Tags: Add Tag
No Tags, Be the first to tag this record!

MARC

LEADER 00000naa a2200000 4500
001 0175341
005 20231113081838.3
041 0 |a slo 
044 |a SK 
245 1 0 |a Secesiou proti recesii  |c Martin Jesný 
520 |a Taiwanský držiteľ ocenenia Ernst & Young Podnikateľ roka Franz Chen a história jeho úspechu. Pozícia v skupine 25 najvplyvnejších Číňanov v móde a dizajne. Zmena obyčajného porcelánu na dizajnové kusy. Kombinácia esencie orientálneho umenia so štýlom secesie. Predaj produkcie Franz Collection v 56 krajinách sveta. F. Chen - pragmatický podnikateľ. 
610 2 0 |a podnikanie 
610 2 0 |a podnikatelia 
610 2 0 |a manažéri 
610 2 0 |a ceny 
610 2 0 |a dizajn 
610 2 0 |a umenie 
610 2 0 |a porcelán 
610 2 0 |a Taiwan 
100 1 |a Jesný, Martin